| 000 | 00296 a2200109 4500 | ||
|---|---|---|---|
| 082 | _a627.5 GHO | ||
| 100 | _aGhosh,S.N. | ||
| 245 |
_aFlood Control and Drainage Engineering / _cS.N.Ghosh |
||
| 250 | _a3rd.ed. | ||
| 260 |
_aNew Delhi : _cOxford & IBH Pub, _b2006 |
||
| 300 |
_a357p. : _bill . ; _c25cm |
||
| 650 | _aflood management | ||
| 999 |
_c1598 _d1598 |
||